Differenze e similitudini nell'applicazione della musicoterapia con pazienti autistici e in coma (Record n. 85744)
[ formato base ]
| 000 -LEADER | |
|---|---|
| fixed length control field | 00929nam a2200289Ia 4500 |
| 001 - CONTROL NUMBER | |
| control field | C9624 |
| 003 - CONTROL NUMBER IDENTIFIER | |
| control field | IT-RoPAU |
| 008 - FIXED-LENGTH DATA ELEMENTS--GENERAL INFORMATION | |
| fixed length control field | 130308s9999 xx 000 0 und d |
| 040 ## - CATALOGING SOURCE | |
| Original cataloging agency | IT-RoPAU |
| 040 ## - CATALOGING SOURCE | |
| Transcribing agency | IT-RoPAU |
| 041 ## - LANGUAGE CODE | |
| Language code of text/sound track or separate title | ITALIANO |
| 100 ## - MAIN ENTRY--PERSONAL NAME | |
| Personal name | Benenzon Rolando |
| 100 ## - MAIN ENTRY--PERSONAL NAME | |
| Miscellaneous information | Codice Aut. SPICS: 12656 |
| 245 ## - TITLE STATEMENT | |
| Title | Differenze e similitudini nell'applicazione della musicoterapia con pazienti autistici e in coma |
| 245 ## - TITLE STATEMENT | |
| Remainder of title | Musica & Terapia-3/1-Quaderni Italiani di musicoterapia |
| 250 ## - EDITION STATEMENT | |
| Edition statement | 1a ed. |
| 260 ## - PUBLICATION, DISTRIBUTION, ETC. (IMPRINT) | |
| Place of publication, distribution, etc. | ALESSANDRIA |
| 260 ## - PUBLICATION, DISTRIBUTION, ETC. (IMPRINT) | |
| Name of publisher, distributor, etc. | Boccassi Ugo |
| 260 ## - PUBLICATION, DISTRIBUTION, ETC. (IMPRINT) | |
| Date of publication, distribution, etc. | 1995 [1° Ed.:1995 - Ed.Ling.Originale:1995] |
| 300 ## - PHYSICAL DESCRIPTION | |
| Extent | "5 p. (prefazione: no ; testo: 5 [pagine: 18-22])" |
| 500 ## - GENERAL NOTE | |
| General note | Paziente e Musicoterapeuta. Contesto Non Verbale. Tempo e Spazio. Istituzione. Supervisione. |
| 650 ## - SUBJECT ADDED ENTRY--TOPICAL TERM | |
| Topical term or geographic name as entry element | SAGGI MUSICALI |
| 650 ## - SUBJECT ADDED ENTRY--TOPICAL TERM | |
| Relator term | Codice materia Spics: 7011 |
| 942 ## - ADDED ENTRY ELEMENTS (KOHA) | |
| Koha item type | LIBRO |
| 957 ## - | |
| -- | 1 |
| 999 ## - SYSTEM CONTROL NUMBERS (KOHA) | |
| -- | 1 |
| Withdrawn status | Lost status | Damaged status | Not for loan | Home library | Current library | Date acquired | Total Checkouts | Full call number | Date last seen | Price effective from | Koha item type | Public note |
|---|---|---|---|---|---|---|---|---|---|---|---|---|
| Buone Condizioni | Not For Loan | SPICS-MEDIATECA | SPICS-MEDIATECA | 08/03/2013 | C9624 | 08/03/2013 | 08/03/2013 | LIBRO | Progressivo inserimento: 50223 / N. Volumi: 0 [=Contributo] Copie: 1 / data import: 1 marzo 2013 - By Epidotti, Trombetti, Vaglietti. |